kiw dok2 yard long bean experiment at kbal koh vegetable research station ការពិសោធន៏ពូជសណ្តែកទ្រើង KIW DOK2 នៅស្ថានីយ៏ពិសោធន៏ពូជបន្លែក្បាលកោះ (Record no. 352)

000 -LEADER
fixed length control field 00642nam a22001577a 4500
003 - CONTROL NUMBER IDENTIFIER
control field OSt
005 - DATE AND TIME OF LATEST TRANSACTION
control field 20150913102027.0
008 - FIXED-LENGTH DATA ELEMENTS--GENERAL INFORMATION
fixed length control field 150913b xxu||||| |||| 00| 0 eng d
040 ## - CATALOGING SOURCE
Transcribing agency RUA
082 ## - DEWEY DECIMAL CLASSIFICATION NUMBER
Classification number AGR ព្រំ 1996 B016 Or.1
100 ## - MAIN ENTRY--PERSONAL NAME
9 (RLIN) 371
Personal name ព្រំ សារិទ្ធ
245 ## - TITLE STATEMENT
Title kiw dok2 yard long bean experiment at kbal koh vegetable research station ការពិសោធន៏ពូជសណ្តែកទ្រើង KIW DOK2 នៅស្ថានីយ៏ពិសោធន៏ពូជបន្លែក្បាលកោះ
260 ## - PUBLICATION, DISTRIBUTION, ETC. (IMPRINT)
Place of publication, distribution, etc. Phnom Penh
Name of publisher, distributor, etc. RUA
Date of publication, distribution, etc. 1996
300 ## - PHYSICAL DESCRIPTION
Extent 62p.
Other physical details ill.
Dimensions 29cm.
942 ## - ADDED ENTRY ELEMENTS (KOHA)
Source of classification or shelving scheme
Koha item type AGR
Holdings
Price effective from Date last seen Permanent Location Not for loan Date acquired Date last checked out Source of classification or shelving scheme Koha item type Total Checkouts Barcode Lost status Damaged status Withdrawn status Current Location Full call number
2015-09-132018-10-01Library Block B 2015-09-132018-09-26 AGR1RUA003680   Library Block BAGR ព្រំ 1996 B016 Or.1
2015-09-132023-08-25Library Block B 2015-09-132023-08-25 AGR3RUA008270   Library Block BAGR ព្រំ 1996 B016 Or.2
2015-09-132015-09-13Library Block B 2015-09-13  AGR RUA008054   Library Block BAGR ព្រំ 1996 B016 Or.3
មជ្ឈមណ្ឌលឯការនៃសាកលវិទ្យាល័យភូមិន្ទកសិកម្មចំការដូង

Powered by Koha